| 000 | 01735cab a2200229 4500 | ||
|---|---|---|---|
| 001 | L129727 | ||
| 008 | 050516n2005 000 0 eng u | ||
| 035 | _a(Sirsi) u129727 | ||
| 041 | _aeng | ||
| 100 | _aLangham, Richard | ||
| 245 | _aPlanning injunctions against persons unknown | ||
| 260 | _c2005 | ||
| 490 |
_aJournal of Planning and Environment Law _vMay 2005, 595-602(8) |
||
| 520 | _aExamines injunctions "contra mundum" and against unidentifiable defendants after "South Cambridgeshire DC v Persons unknown " ([2004 EWCA Civ 1280), the first time the jurisdiction to make injunctions under the Town and Country Planning Act 1990 s187B has been considered by the CA. Analyses the judgment and the injunction based on the wording of s187B of the Act, the accompanying court rules and two recent decisions "Bloomsbury Publishing Plc v News Group Ltd " ([2003] 1 WLR 1633) and "Hampshire Waste Services Ltd v Persons intending to trespass and/or trespassing upon incinerator sites" ([2003] EWHC 1738 (Ch)). Places the "contra mundum" power recognised in "Hampshire Waste" and "South Cambridgeshire" within the wider context of injunctions having effect against persons other than named defendants. Discusses practical issues concerning s187B injunctions that have emerged from the above cases. | ||
| 590 | _aIKA070605 | ||
| 650 | _aTOWN AND COUNTRY PLANNING ACT 1990 | ||
| 650 | _aBLOOMSBURY PUBLISHING PLC AND ANOTHER V NEWS GROUP NEWSPAPERS LTD | ||
| 650 | _aHAMPSHIRE WASTE SERVICES LTD V PERSONS UNKNOWN | ||
| 690 |
_aPlanning and development _96259 |
||
| 856 |
_uhttps://www.bailii.org/ew/cases/EWCA/Civ/2004/1280.html _zView the South Cambridgeshire DC decision free of charge at www.bailii.org... |
||
| 942 | _n0 | ||
| 999 |
_c75239 _d75239 |
||